• 首页
  • 本馆介绍
  • 公告通知
  • 最新文献
  • 馆藏检索
  • 电子资源
  • 读者导购
  • 参考咨询
  • 我的图书馆
  • 登录
  • 详细信息显示
  • 放入我的书架
  • 预约/预借图书
  • 作者相关作品
  • 分类相关作品
  • 丛书相关作品
  • 出版社相关作品

书目信息

  • 表格格式
  • 工作单格式
  • 卡片格式
题名:
扬琴中国化研究
    
 
作者: 杨佳 著
分册:  
出版信息: 北京   文化艺术出版社  2020.12
页数: 214页
开本: 24cm
丛书名: 中国音乐学院博士文库
单 册:
中图分类: J632.51
科图分类:
主题词: 扬琴--研究--中国
电子资源:
ISBN: 978-7-5039-6819-8
000 01115nam2 2200301 45
001 012001001755
005 20141011113140.0
010    @a978-7-5039-6819-8@dCNY52.00
100    @a20210316d2020 em y0chiy50 ea
101 0  @achi
102    @aCN@b110000
105    @aag z 000yy
106    @ar
200 1  @a扬琴中国化研究@Ayang qin zhong guo hua yan jiu@dResearch for dulcimer chinaization [i.e. chinization]@f杨佳著@zeng
210    @a北京@c文化艺术出版社@d2020.12
215    @a214页@c图@d24cm
225 1  @a中国音乐学院博士文库
300    @a并列题名:Research for dulcimer chinaization
330    @a本书共五章,内容包括:扬琴的历史渊源、从乐器的形制看扬琴中国化的进程、从乐器的存在方式看扬琴中国化的进程、从音乐形态看扬琴中国化的进程等。
410  0 @12001 @a中国音乐学院博士文库
461  0 @12001 @a中国音乐学院博士文库
510 1  @aResearch for dulcimer chinaization@zeng
510 1  @aResearch for dulcimer chinization@zeng
606 0  @a扬琴@x研究@y中国
690    @aJ632.51@v5
701  0 @a杨佳@Ayang jia@c(女)@4著
801  0 @aCN@b江苏凤凰@c20211018
905    @b1345589-92@dJ632.51@e206@f4
    
    扬琴中国化研究=Research for dulcimer chinaization [i.e. chinization]/杨佳著.-北京:文化艺术出版社,2020.12
    214页:图;24cm.-(中国音乐学院博士文库)
    并列题名:Research for dulcimer chinaization
    
    ISBN 978-7-5039-6819-8:CNY52.00
    本书共五章,内容包括:扬琴的历史渊源、从乐器的形制看扬琴中国化的进程、从乐器的存在方式看扬琴中国化的进程、从音乐形态看扬琴中国化的进程等。
●
相关链接 在E读中查询图书 在五车中查询图书 在当当中查询图书 在豆瓣中查询图书


正题名:扬琴中国化研究     索取号:J632.51/206         预约/预借

序号 登录号 条形码 馆藏地/架位号 状态 备注
1 1345589   213455893   第一样本阅览室/ [索取号:J632.51/206] 在馆    
2 1345590   213455900   第一借阅区/ [索取号:J632.51/206] 在馆    
3 1345591   213455919   第一借阅区/ [索取号:J632.51/206] 在馆    
4 1345592   213455928   第一借阅区/ [索取号:J632.51/206] 在馆    
唐山师范学院图书馆 欢迎您!
大连网信软件有限公司© 版权所有